000 01255nam a22002057a 4500
999 _c60865
_d60865
005 20231113113311.0
008 231113s1979 ru ||||| |||| 00| 0 rus d
041 _arus
080 _a902.2(479.22)(084).3 Г-12
100 _aГагошидзе, Ю. М.
_920343
245 _aСамадло :
_b(Археологические раскопки) /
_cЮ.М. Гагошидзе; Академия Наук Грузинской ССР. Государственный музей Грузии им. С.Н. Джанашиа.
264 _aТбилиси :
_bМецниереба,
_c1979.
300 _a134 стр.:
_bил. карта ;
_c25 см.
500 _aშენიშვნები: გვ. 101-124. საძიებლები: გვ. 126-133.
521 _aდამატებითი თავფურცელი ქართულ ენაზე.
653 _aარქეოლოგიური გათხრები აღმოსავლეთ საქართველოში.
653 _aარქეოლოგია
710 _aАкадемия Наук Грузинской ССР.
_dГосударственный музей Грузии им. С.Н. Джанашиа
_920344
942 _2udc
_cᲬᲘᲒᲜᲘ